Turisme total ... a quatre passes
Descripción Física:
31 p. : il. col, fot. ; 29 x 29 cm
MARC
| LEADER | 00000nam a2200000Ia 4500 | ||
|---|---|---|---|
| 001 | 15542 | ||
| 008 | 160829s1998 xx 000 0 cat d | ||
| 080 | |a FU-38-30 | ||
| 245 | |a Turisme total ... a quatre passes | ||
| 260 | |a [Barcelona] : |b Agència de Promoció Turística, Diputació de Barcelona, |c 1998 | ||
| 300 | |a 31 p. : |b il. col, fot. ; |c 29 x 29 cm | ||
| 590 | |a A la portada: Turisme Total. | ||
| 590 | |a Existeixen una edició en castellà amb R. 18395 | ||
| 650 | 0 | |a Turisme |z Barcelona (Província) |v Guies |9 31526 | |
| 710 | 1 | |a Barcelona (Catalunya : Província). |b Agència de Promoció Turística |9 51387 | |
| 901 | |a Arxiu | ||
| 942 | |n 1 | ||
| 952 | |0 0 |1 0 |4 0 |6 FU3830 |7 1 |9 41985 |a Arxiu |b Arxiu |d 2016-12-01 |l 0 |o FU-38-30 |p 15542 |r 2016-12-01 00:00:00 |w 2016-12-01 |y ARXIU | ||
| 999 | |c 44432 |d 44432 | ||